Score 0/30 Timer 10:00
0 Plays Today
# Website Name % Correct
1Google
97.9%
21GO
97.9%
3Yahoo
93.8%
2Facebook
75%
15Amazon
72.9%
4Youtube
66.7%
10Twitter
66.7%
16Ebay
66.7%
12Bing
64.6%
8Microsoft Network
62.5%
20CNN
58.3%
6Wikipedia
56.3%
9Myspace
50%
17Craigslist
35.4%
19BBC
27.1%
# Website Name % Correct
23AOL
27.1%
24The New York Times
27.1%
30Ask
25%
22The internet movie database
22.9%
14Flickr
20.8%
25Netflix
14.6%
7Blogger
12.5%
18BestBuy
10.4%
5Live
8.3%
11WordPress
6.3%
29Blogspot
6.3%
26Sporkle
6.3%
28Photobucket
4.2%
13RapidShare
2.1%
27Linkedln
2.1%
Remove Ads.
Support Sporcle.
Get the best of Sporcle when you Go Orange. This ad-free experience offers more features, more stats, and more fun while also helping to support Sporcle. Thank you for becoming a member.

You're not logged in!

Compare scores with friends on all Sporcle quizzes.
OR
Log In

Show Comments

Extras

Created Dec 17, 2012ReportNominate
Tags:2011, Top 30, Viewed, Website

Top Quizzes Today


Score Distribution

Your Account Isn't Verified!

In order to create a playlist on Sporcle, you need to verify the email address you used during registration. Go to your Sporcle Settings to finish the process.

Report this User

Report this user for behavior that violates our Community Guidelines.

Details: